000 00506nam a2200169Ia 4500
008 090201s9999 xx 000 0 und d
010 _aKPL-39506
040 _bमराठी
041 _aमराठी
082 _a25565
_b39506
100 _aवैजयंती काळे
245 _aतडा
_cवैजयंती काळे
260 _c2004
_bराजेंद्र पब्लिकेशन्स
300 _a158
_bमोठा
600 _aतडा
942 _cBOOK
999 _c224757
_d224757